00000000nam 2200000zi 4500
0019.947452
003CaOODSP
00520250303103444
006m     o  d f      
007cr |n|||||||||
008250128s1954    oncad   o    f000 0 eng d
040 |aCaOODSP|beng|erda|cCaOODSP
043 |an-cn-bc
0861 |aA52-294/1954E-PDF
0861 |zA51-13E-PDF
1001 |aHicks, W. H., |eauthor.
24510|aDominion Experimental Farm, Agassiz, British Columbia : |bprogress report, 1948-1952 / |cW. H. Hicks.
264 1|aOttawa, Canada : |bMinister of Agriculture, |c[1954]
300 |a1 online resource (38 pages) : |billustrations, chart
336 |atext|btxt|2rdacontent
337 |acomputer|bc|2rdamedia
338 |aonline resource|bcr|2rdacarrier
500 |aDigitized edition from print [provided by Agriculture and Agri-Food Canada].
61010|aCanada. |bExperimental Farm (Agassiz, B.C.)
61015|aCanada. |bFerme expérimentale (Agassiz, C.-B.)
650 0|aAgricultural experiment stations|zBritish Columbia|zAgassiz.
650 6|aStations agronomiques|zColombie-Britannique|zAgassiz.
7101 |aCanada. |bExperimental Farm (Agassiz, B.C.), |eissuing body.
7101 |aCanada. |bExperimental Farms Service, |eissuing body.
85640|qPDF|s7.70 MB|uhttps://publications.gc.ca/collections/collection_2024/aac-aafc/A51-13-1948-eng.pdf